Vista normal Vista MARC

Entrada Personal Name

Número de registros utilizados en: 1

001 - CONTROL NUMBER

  • control field: 65982

003 - CONTROL NUMBER IDENTIFIER

  • control field: OSt

005 - DATE AND TIME OF LATEST TRANSACTION

  • control field: 20251022213136.0

008 - FIXED-LENGTH DATA ELEMENTS

  • fixed length control field: 251022|| aca||aabn | a|a d

040 ## - CATALOGING SOURCE

  • Original cataloging agency: OSt
  • Transcribing agency: OSt

100 ## - HEADING--PERSONAL NAME

  • Personal name: Harré, Romano
  • Dates associated with a name: 1927-2019

670 ## - SOURCE DATA FOUND

  • Source citation: Work cat.: (OSt)59572: Harré, Romano 1927-2019 autor., Introducción a la lógica de las ciencias/









Instituto Departamental de Cultura del Meta - Red Departamental de Bibliotecas Públicas del Meta.